Las aventuras de Vinca /
Alicia Morel (1921- ), escritora y ensayista chilena, nació en Santiago. Casada con William Thayer Arteaga, tiene siete hijos. Recibió en 1984 la distinción internacional Lista de Honor del IBBY, por Cuentos araucanos: la gente de la tierra y en el 2000 fue seleccionada por Chile al Premio Internaci...
-д хадгалсан:
| Үндсэн зохиолч: | |
|---|---|
| Бусад зохиолчид: | , |
| Формат: | Ном |
| Хэл сонгох: | испани |
| Хэвлэсэн: |
Santiago, Chile :
Andrés Bello,
2003, c2003
|
| Хэвлэл: | 2a edición |
| Цуврал: | (A Partir de 6 Años ;
180) |
| Нөхцлүүд: | |
| Шошгууд: |
Шошго байхгүй, Энэхүү баримтыг шошголох эхний хүн болох!
|
MARC
| LEADER | 00000nam^a2200000^a^4500 | ||
|---|---|---|---|
| 001 | 000184970 | ||
| 005 | 20250521000000.0 | ||
| 009 | 20260310102134.014 | ||
| 020 | |a 956-13-1587-4 | ||
| 037 | |a Acervo ITESO - Biblioteca | ||
| 041 | |a ESP | ||
| 082 | |a 808. 899282 |b MOR | ||
| 100 | |a Morel, Alicia |e (autor) | ||
| 245 | 1 | 4 | |a Las aventuras de Vinca / |c A. Morel ; il. de C. Rojas Maffioletti. |
| 250 | |a 2a edición | ||
| 264 | 4 | |a Santiago, Chile : |b Andrés Bello, |c 2003, c2003 | |
| 300 | |a 71 p. | ||
| 336 | |a texto |b txt |2 rdacontenido | ||
| 337 | |a sin mediación |b n |2 rdamedio | ||
| 338 | |a volumen |b nc |2 rdasoporte | ||
| 440 | 1 | |a (A Partir de 6 Años ; |v 180) | |
| 520 | |a Alicia Morel (1921- ), escritora y ensayista chilena, nació en Santiago. Casada con William Thayer Arteaga, tiene siete hijos. Recibió en 1984 la distinción internacional Lista de Honor del IBBY, por Cuentos araucanos: la gente de la tierra y en el 2000 fue seleccionada por Chile al Premio Internacional Hans Christian Andersen del IBBY. Junto a Marcela Paz y otros escritores, fundó la filial de IBBY (Organización Internacional para el Libro Juvenil) en Chile en 1964. Entre sus numerosas obras tenemos: en poesía Como una raíz de agua (1951); En el campo y la ciudad (1938); los cuentos La Hormiguita Cantora y el duende Melodía (1956); Cuentos Araucanos, la gente de la Tierra (1983); Aventuras del duende Melodía (1994); El cururo incomprendido (1995) y Las manchas de Vinca (1999). | ||
| 649 | |a XX | ||
| 650 | |a Cuentos Infantiles - |z Chile | ||
| 650 | |a Cuentos Chilenos | ||
| 650 | |a Literatura Infantil - |z Chile | ||
| 650 | |a Literatura de Mujeres - |z Chile | ||
| 650 | |a Literatura Chilena - |y Siglo XX | ||
| 650 | |a Escarabajos en la Literatura | ||
| 650 | |a Insectos en la Literatura | ||
| 650 | |a Cabras en la Literatura | ||
| 650 | |a Animales en la Literatura | ||
| 650 | |a Animales (En Religión, Folklore, etc.) | ||
| 740 | 0 | |a Aventuras de un cabrito / |c A. Morel ; il. de A. Jullian. | |
| 700 | |a Rojas Maffioletti, Carlos |e (ilustración) | ||
| 700 | |a Jullian, Andrés |e (ilustración) | ||
| 910 | |a Fondo General | ||
| 920 | |a Impresos - Libros | ||
| 930 | |a Colección General | ||
| 940 | |a Literatura | ||
| 905 | |a 101 | ||
| 901 | |a 0500125887 |b IT1 |c LIT |u 20250521 | ||
| 902 | |a https://opac.biblio.iteso.mx/vufind/Record/000184970 | ||